Discussing Oceans (Record no. 8495)
[ view plain ]
| 000 -LEADER | |
|---|---|
| fixed length control field | 00329nam a22001337a 4500 |
| 020 ## - ISBN | |
| International Standard Book Number | 9780470391778 |
| 050 ## - LIBRARY OF CONGRESS CALL NUMBER | |
| Classification Number | GC 21.5 |
| Item Number | .K5 |
| 100 ## - MAIN ENTRY--Author | |
| Personal name | Kimberley, Michael M. |
| 245 ## - TITLE | |
| Title | Discussing Oceans |
| Remainder of title | Michael M. Kimberley |
| 260 ## - PUBLICATION, DISTRIBUTION, ETC.(IMPRINT) | |
| Place of publication, distribution, etc | Northern Carolina: |
| Name of publisher, distributor, etc | Wiley |
| Date of publication, distribution, etc | 2009 |
| 300 ## - PHYSICAL DESCRIPTION | |
| Extent | 305p.: |
| 650 ## - SUBJECT--TOPIC | |
| Topical term following geographic name as entry element | Oceans |
| 942 ## - ADDED ENTRY ELEMENTS(KOHA) | |
| Source of classification or shelving scheme | Library of Congress Classification |
| Koha item type | General circulation |
| Source of classification or shelving scheme | Not for loan | Location (home branch) | Sublocation (holding branch) | Shelving location | Date accessioned | Full call number | Barcode | Koha item type | Public note |
|---|---|---|---|---|---|---|---|---|---|
| Library of Congress Classification | Main Campus Library | Main Campus Library | 06/08/2015 | GC 21.5 .K5 | 2015/007016 | General circulation | smo | ||
| Library of Congress Classification | Main Campus Library | Main Campus Library | 17/05/2017 | GC 21.5 .K5 | 2017/019681 | CD/DVD-ROMs |